| 000 | 00411pab a2200157 454500 | ||
|---|---|---|---|
| 008 | 180718b1989 xxu||||| |||| 00| 0 eng d | ||
| 100 | _aNagarjan, Mohan | ||
| 245 | _aProfitability and size of firms in the Indian pharmaceutical industry | ||
| 260 | _c1989 | ||
| 300 | _a405-29 | ||
| 362 | _aApr. | ||
| 650 | _aIndustry | ||
| 700 | _aR.R. Barthwal | ||
| 773 | _aIndian Journal of Economics | ||
| 909 | _a10873 | ||
| 999 |
_c10873 _d10873 |
||